Länder, die ein "und" enthalten - Statistiken

Allgemein
  • Dieses Quiz wurde 72 mal gespielt
  • Das Durchschnittsergebnis liegt bei 5 aus 6
Antwortstatistiken
Antwort % Korrekt
Trinidad und Tobago
89%
Antigua und Barbuda
86%
St. Kitts und Nevis
82%
St. Vincent und die Grenadinen
82%
Bosnien und Herzegowina
71%
São Tomé und Príncipe
50%
Keine übereinstimmenden Quizze gefunden
Verteilung der Resultate
Anzahl Personen mit jedem Resultat
Perzentil nach korrekt beantworteten Fragen
Ihre Resultats-Entwicklung
Sie haben dieses Quiz noch nicht gespielt